5HLuxD.jpg

KING HENRY VIII SENIOR AND PRIMARY SCHOOL LIBRARY OPAC

The diary of a killer cat / (Record no. 2420)

000 -LEADER
fixed length control field 00670pam a2200229 a 4500
001 - CONTROL NUMBER
control field 013267881
003 - CONTROL NUMBER IDENTIFIER
control field UkOxU
005 - DATE AND TIME OF LATEST TRANSACTION
control field 20230510094552.0
008 - FIXED-LENGTH DATA ELEMENTS--GENERAL INFORMATION
fixed length control field 960401r19961994enka j 000 1 eng d
015 ## - NATIONAL BIBLIOGRAPHY NUMBER
National bibliography number GB 96-29826
020 ## - INTERNATIONAL STANDARD BOOK NUMBER
International Standard Book Number 9780140369311
035 ## - SYSTEM CONTROL NUMBER
System control number BNB2385.462
040 ## - CATALOGING SOURCE
Original cataloging agency KH8
Transcribing agency DB/U-1
082 0# - DEWEY DECIMAL CLASSIFICATION NUMBER
Classification number 823.914 FIN
Edition number 20
100 1# - MAIN ENTRY--PERSONAL NAME
Personal name Fine, Anne.
Relator term Author
245 14 - TITLE STATEMENT
Title The diary of a killer cat /
Statement of responsibility, etc. Anne Fine ; illustrated by Steve Cox.
260 ## - PUBLICATION, DISTRIBUTION, ETC.
Place of publication, distribution, etc. London :
Name of publisher, distributor, etc. Puffin,
Date of publication, distribution, etc. 1996, c1994.
300 ## - PHYSICAL DESCRIPTION
Extent 55 p. :
Other physical details ill. ;
Dimensions 20 cm.
500 ## - GENERAL NOTE
General note Originally published: London: Hamish Hamilton, 1994.
700 1# - ADDED ENTRY--PERSONAL NAME
Personal name Cox, Steve,
Dates associated with a name 1961-
Relator term illustrator
942 ## - ADDED ENTRY ELEMENTS (KOHA)
Source of classification or shelving scheme
Koha item type Books - Fiction
Holdings
Withdrawn status Lost status Source of classification or shelving scheme Damaged status Not for loan Collection code Permanent Location Current Location Shelving location Date acquired Total Checkouts Full call number Barcode Date last seen Date last checked out Price effective from Koha item type
          Fiction KH8 Primary School Library KH8 Primary School Library Non Fiction 2023-05-10 1 823.914 FIN KHPL000004171 2025-12-05 2023-11-15 2023-05-10 Books - Fiction

Powered By KH8 IT Dept